[Event "Hampshire Major"]
[Site "Eastleigh"]
[Date "2017.11.05"]
[Round "6"]
[White "Carter, John"]
[Black "Moore, Gillian A"]
[Result "1-0"]
[WhiteElo "1680"]
[BlackElo "1728"]
[PlyCount "151"]
[EventDate "2017.11.03"]
[EventType "swiss"]
[EventRounds "6"]
[EventCountry "ENG"]
[SourceTitle "BritBase"]
[Source "John Saunders"]
[SourceDate "2017.11.19"]
[SourceVersion "1"]
[SourceVersionDate "2017.11.19"]
[SourceQuality "1"]

1. e4 Nf6 2. e5 Nd5 3. d4 d6 4. c4 Nb6 5. f4 dxe5 6. fxe5 Nc6 7. Nf3 Bg4 8. Be3 e6 9. Nc3 Bxf3 10. gxf3 Be7 11. Be2 Bh4+ 12. Kf1 Ne7 13. Bd3 g6 14. f4 Nf5 15. Bxf5 gxf5 16. Rg1 c6 17. b3 Qd7 18. Qh5 Be7 19. Rg7 Bb4 20. Ne2 h6 21. Kf2 Bf8 22. Rg2 O-O-O 23. Rag1 Qe7 24. Rd1 Nd7 25. d5 Nc5 26. Nc3 b6 27. d6 Qb7 28. Bxc5 bxc5 29. Na4 a5 30. Qf3 f6 31. Qe3 h5 32. Qxc5 Bh6 33. d7+ Kb8 34. Qd6+ Qc7 35. Nc5 Qxd6 36. Rxd6 Rh7 37. Nxe6 Rdxd7 38. Rg8+ Ka7 39. Rxd7+ Rxd7 40. Rd8 Rf7 41. exf6 Rxf6 42. Rd7+ Kb8 43. Ng7 h4 44. Nh5 Rf8 45. Rh7 Rd8 46. Rxh6 Rd2+ 47. Kg1 Rxa2 48. Rxc6 Kb7 49. Rc5 Ra3 50. Rb5+ Kc6 51. Ng7 a4 52. bxa4 Rxa4 53. Rxf5 Rxc4 54. Rf8 Kd6 55. Nf5+ Ke6 56. Nxh4 Kd5 57. Ng6 Ke4 58. h4 Rc2 59. h5 Kf3 60. Re8 Kg3 61. Kf1 Rh2 62. Re3+ Kg4 63. Re5 Rxh5 64. Rxh5 Kxh5 65. Ne7 Kg4 66. Nd5 Kf5 67. Kf2 Ke4 68. Kg3 Kxd5 69. f5 Ke5 70. Kg4 Kf6 71. Kf4 Kf7 72. Kg5 Kg7 73. f6+ Kf7 74. Kf5 Ke8 75. Ke6 Kf8 76. f7 1-0

[Event "Hampshire Major"]
[Site "Eastleigh"]
[Date "2017.11.05"]
[Round "6"]
[White "Sellen, John R"]
[Black "Foley, Phil"]
[Result "0-1"]
[WhiteElo "1608"]
[BlackElo "1736"]
[PlyCount "96"]
[EventDate "2017.11.03"]
[EventType "swiss"]
[EventRounds "6"]
[EventCountry "ENG"]
[SourceTitle "BritBase"]
[Source "John Saunders"]
[SourceDate "2017.11.19"]
[SourceVersion "1"]
[SourceVersionDate "2017.11.19"]
[SourceQuality "1"]

1. f4 c5 2. Nf3 d5 3. e3 Nf6 4. d4 e6 5. c3 Be7 6. Bd3 Nbd7 7. Nbd2 O-O 8. O-O b6 9. Ne5 Bb7 10. g4 Ne4 11. Qf3 f5 12. g5 Nxe5 13. dxe5 Nxd2 14. Bxd2 Qd7 15. Qe2 c4 16. Bc2 Qc6 17. Qf3 b5 18. a3 Qb6 19. Qh3 a5 20. Bd1 b4 21. Bf3 Bc5 22. Kf2 Qc7 23. Rfb1 Qe7 24. b3 cxb3 25. cxb4 axb4 26. a4 Bc6 27. a5 Qc7 28. a6 Bb5 29. Rxb3 Bc4 30. Rbb1 Qb6 31. Be2 Bxe2 32. Kxe2 Rxa6 33. Qf1 Qb5+ 34. Kf2 Qxf1+ 35. Kxf1 Rxa1 36. Rxa1 Rb8 37. Ke2 Kf7 38. Kd3 Kg6 39. h4 b3 40. Rb1 Kh5 41. Be1 Ba3 42. Bd2 Kxh4 43. Bc3 Kh5 44. Bb2 Bxb2 45. Rxb2 h6 46. gxh6 gxh6 47. Rh2+ Kg4 48. Kc3 b2 0-1

[Event "Hampshire Major"]
[Site "Eastleigh"]
[Date "2017.11.05"]
[Round "6"]
[White "Webb, Chris"]
[Black "Hudson, Jeremy"]
[Result "0-1"]
[WhiteElo "1752"]
[BlackElo "1656"]
[PlyCount "82"]
[EventDate "2017.11.03"]
[EventType "swiss"]
[EventRounds "6"]
[EventCountry "ENG"]
[SourceTitle "BritBase"]
[Source "John Saunders"]
[SourceDate "2017.11.19"]
[SourceVersion "1"]
[SourceVersionDate "2017.11.19"]
[SourceQuality "1"]

1. d4 d5 2. Bf4 c5 3. e3 e6 4. Nf3 a6 5. Be2 Bd6 6. Bg5 f6 7. Bh4 Ne7 8. Nbd2 Nf5 9. c3 Nxh4 10. Nxh4 cxd4 11. exd4 O-O 12. Qc2 Nc6 13. Bd3 f5 14. g3 Bd7 15. Nhf3 Rc8 16. Qd1 b5 17. a3 Na5 18. h4 Qc7 19. Nf1 Nc4 20. Bxc4 dxc4 21. Qd2 Bc6 22. Qe2 f4 23. O-O-O Bxf3 24. Qxf3 fxg3 25. Qg4 Rxf2 26. Qxe6+ Kh8 27. Rg1 Rcf8 28. Ne3 Bf4 29. Kb1 Bxe3 30. Qxe3 g2 31. Rde1 Qf7 32. Ka2 Qf5 33. Qg3 Qc2 34. Rb1 h6 35. Rgc1 Qe2 36. Rg1 Qc2 37. Rgc1 Qd2 38. Rd1 Qc2 39. Rdc1 Qb3+ 40. Ka1 b4 41. cxb4 Qxg3 0-1

[Event "Hampshire Major"]
[Site "Eastleigh"]
[Date "2017.11.05"]
[Round "6"]
[White "Smith, Chris"]
[Black "Wright, Richard"]
[Result "1-0"]
[WhiteElo "1696"]
[BlackElo "1584"]
[PlyCount "58"]
[EventDate "2017.11.03"]
[EventType "swiss"]
[EventRounds "6"]
[EventCountry "ENG"]
[SourceTitle "BritBase"]
[Source "John Saunders"]
[SourceDate "2017.11.19"]
[SourceVersion "1"]
[SourceVersionDate "2017.11.19"]
[SourceQuality "1"]

1. c4 e5 2. Nc3 d6 3. g3 f5 4. d3 Nf6 5. Bg2 c6 6. e4 Be7 7. Nge2 O-O 8. Be3 a5 9. a3 Qe8 10. O-O Qh5 11. f3 Nbd7 12. b4 Kh8 13. Kh1 Ng8 14. exf5 Ndf6 15. g4 Qf7 16. Qb3 g6 17. Ng3 d5 18. cxd5 gxf5 19. g5 Nxd5 20. Nxd5 f4 21. Bxf4 exf4 22. Qc3+ Nf6 23. Nxe7 fxg3 24. Nxc8 Qh5 25. h3 Qxg5 26. Nb6 Rad8 27. Nc4 Qg6 28. Rad1 Rd5 29. Ne5 Rfd8 1-0

[Event "Hampshire Major"]
[Site "Eastleigh"]
[Date "2017.11.05"]
[Round "6"]
[White "Sawers, Kevin"]
[Black "Agostinelli, Dave"]
[Result "0-1"]
[WhiteElo "1624"]
[BlackElo "1688"]
[PlyCount "82"]
[EventDate "2017.11.03"]
[EventType "swiss"]
[EventRounds "6"]
[EventCountry "ENG"]
[SourceTitle "BritBase"]
[Source "John Saunders"]
[SourceDate "2017.11.19"]
[SourceVersion "1"]
[SourceVersionDate "2017.11.19"]
[SourceQuality "1"]

1. e4 c5 2. Nf3 d6 3. d4 cxd4 4. Nxd4 Nf6 5. Nc3 a6 6. Bc4 e6 7. Bb3 Nc6 8. Be3 Be7 9. Qe2 O-O 10. f3 Qc7 11. Nxc6 bxc6 12. g4 d5 13. g5 Nh5 14. Qd2 Bb7 15. exd5 cxd5 16. Ne2 Rac8 17. Nd4 Bd6 18. c3 g6 19. Bd1 Nf4 20. h4 e5 21. Bxf4 exf4 22. Bc2 Rfe8+ 23. Kf2 Bc5 24. h5 Re7 25. hxg6 fxg6 26. Rae1 Rce8 27. Rxe7 Rxe7 28. Re1 Rxe1 29. Kxe1 Qe7+ 30. Ne2 Be3 31. Qd3 Qxg5 32. Bb3 Qe5 33. c4 Qe7 34. cxd5 Kg7 35. d6 Qh4+ 36. Kd1 Bxf3 37. Qc3+ Kh6 38. Qe1 Qd8 39. Qb4 Qf6 40. d7 Qxb2 41. Ke1 Qxe2# 0-1

[Event "Hampshire Major"]
[Site "Eastleigh"]
[Date "2017.11.05"]
[Round "6"]
[White "Matthew, Ian"]
[Black "Evans, Thomas"]
[Result "1-0"]
[WhiteElo "1672"]
[BlackElo "1640"]
[PlyCount "35"]
[EventDate "2017.11.03"]
[EventType "swiss"]
[EventRounds "6"]
[EventCountry "ENG"]
[SourceTitle "BritBase"]
[Source "John Saunders"]
[SourceDate "2017.11.19"]
[SourceVersion "1"]
[SourceVersionDate "2017.11.19"]
[SourceQuality "1"]

1. e4 e5 2. Bc4 Nf6 3. Nc3 Nxe4 4. Qh5 Nd6 5. Bb3 Nc6 6. Nb5 g6 7. Qf3 Nf5 8. Qd5 Qf6 9. Nxc7+ Kd8 10. Nxa8 Nfd4 11. Nf3 Nb4 12. Qc4 Nxf3+ 13. gxf3 Qxf3 14. Qc7+ Ke7 15. Qxe5+ Kd8 16. d3 Qxh1+ 17. Ke2 Bg7 18. Bg5+ 1-0

[Event "Hampshire Major"]
[Site "Eastleigh"]
[Date "2017.11.05"]
[Round "6"]
[White "Coburn, Joe"]
[Black "Symons, John"]
[Result "1/2-1/2"]
[WhiteElo "1856"]
[BlackElo "1552"]
[PlyCount "85"]
[EventDate "2017.11.03"]
[EventType "swiss"]
[EventRounds "6"]
[EventCountry "ENG"]
[SourceTitle "BritBase"]
[Source "John Saunders"]
[SourceDate "2017.11.19"]
[SourceVersion "1"]
[SourceVersionDate "2017.11.19"]
[SourceQuality "1"]

1. d4 d6 2. e4 g6 3. Nc3 Bg7 4. Be3 Nd7 5. Nf3 Ngf6 6. h3 c6 7. Qd2 b5 8. a3 a6 9. Bh6 Bxh6 10. Qxh6 e5 11. dxe5 dxe5 12. O-O-O Qe7 13. Bd3 b4 14. axb4 Qxb4 15. Rhe1 Rb8 16. Kd2 Qc5 17. Re2 Rxb2 18. Na4 Qb4+ 19. Nc3 Nc5 20. Qg7 Nb3+ 21. Ke1 Qxc3+ 22. Kf1 Nd4 23. Nxd4 Rf8 24. Qxf6 Qxd4 25. Qxc6+ Ke7 26. Re3 Rb6 27. Qc7+ Kf6 28. Be2 Qb2 29. Rf3+ Kg7 30. Rc3 Re8 31. Rf3 Rf8 32. c3 Qc2 33. Qxe5+ Kg8 34. Rfd3 Re6 35. Qd4 a5 36. R3d2 Qxe4 37. Qxe4 Rxe4 38. Ra1 a4 39. Bb5 Be6 40. Rxa4 Re5 41. c4 Rb8 42. Rb2 Bxc4+ 43. Rxc4 1/2-1/2

[Event "Hampshire Major"]
[Site "Eastleigh"]
[Date "2017.11.05"]
[Round "6"]
[White "Stone, Mark"]
[Black "Dore, Alex"]
[Result "0-1"]
[WhiteElo "1568"]
[BlackElo "1816"]
[PlyCount "60"]
[EventDate "2017.11.03"]
[EventType "swiss"]
[EventRounds "6"]
[EventCountry "ENG"]
[SourceTitle "BritBase"]
[Source "John Saunders"]
[SourceDate "2017.11.19"]
[SourceVersion "1"]
[SourceVersionDate "2017.11.19"]
[SourceQuality "1"]

1. e4 e6 2. d4 d5 3. Nd2 Nc6 4. c3 e5 5. Bb5 exd4 6. Bxc6+ bxc6 7. cxd4 Nf6 8. e5 Nd7 9. Ngf3 Ba6 10. a3 Be7 11. b4 f6 12. Nb3 fxe5 13. dxe5 O-O 14. Nbd4 Qe8 15. Ne6 Nxe5 16. Nxe5 Bf6 17. Qg4 Bxe5 18. Ra2 Bc8 19. Re2 Bxe6 20. Qg5 Bf6 21. Qe3 Bf7 22. Qc5 Qd7 23. O-O Qd6 24. Qc2 Rae8 25. Rfe1 Rxe2 26. Rxe2 Re8 27. Rxe8+ Bxe8 28. Bb2 Qe6 29. Kf1 Bg6 30. Qd2 Bxb2 0-1